Normal view
MARC view
Entry Personal Name
001 - CONTROL NUMBER
- control field: 724637
003 - CONTROL NUMBER IDENTIFIER
- control field: OSt
005 - DATE AND TIME OF LATEST TRANSACTION
- control field: 20241004113708.0
008 - FIXED-LENGTH DATA ELEMENTS
- fixed length control field: 241004|| aca||aabn | a|a d
040 ## - CATALOGING SOURCE
- Original cataloging agency: OSt
- Transcribing agency: OSt
100 ## - HEADING--PERSONAL NAME
- Personal name: Ansoms An Ed.; Bisoka Aymar Nyenyezi Ed.; Thomson Susan Ed
670 ## - SOURCE DATA FOUND
- Source citation: Work cat.: (OSt)1218784: Ansoms An Ed.; Bisoka Aymar Nyenyezi Ed.; Thomson Susan Ed., Field research in Africa: the ethics of researcher vulnerabilities, 2021
